Southville International School and Colleges
Your cart is empty.
  • Cart
  • Lists
    Public lists Eva Luna New books Lux_list list_1
    Your lists Log in to create your own lists
  • Log in to your account
  • Your cookies
  • Search history
Southville International School and Colleges
  • Advanced search
  • Recent comments
  • Most popular
  • Libraries

Log in to your account

Log in with GOOGLE


If you do not have an external account, but do have a local account, you can still log in:

  1. Home
  2. MARC view: Effects of personal variables on the awareness on charter change /
Normal view MARC view ISBD view

Effects of personal variables on the awareness on charter change / (Record no. 97805)

[ view plain ]
MARC details
000 -LEADER
fixed length control field 00769nam a2200193 a 4500
003 - CONTROL NUMBER IDENTIFIER
control field 0
005 - DATE AND TIME OF LATEST TRANSACTION
control field 20250328104247.0
008 - FIXED-LENGTH DATA ELEMENTS--GENERAL INFORMATION
fixed length control field 071121s19uu xx 00 eng d
050 ## - LIBRARY OF CONGRESS CALL NUMBER
Classification number PHS JK 2493
Item number .C37 2007
100 ## - MAIN ENTRY--PERSONAL NAME
Personal name Caronongan, Arturo III.P.
245 ## - TITLE STATEMENT
Title Effects of personal variables on the awareness on charter change /
Statement of responsibility, etc Arturo III. P. Caronongan.
260 ## - PUBLICATION, DISTRIBUTION, ETC. (IMPRINT)
Place of publication, distribution, etc Las Piñas City, Philipines :
Name of publisher, distributor, etc Southville International School and Colleges,
Date of publication, distribution, etc 2007.
300 ## - PHYSICAL DESCRIPTION
Extent 70 pages :
Other physical details illustrations ;
Dimensions 28 cm.
504 ## - BIBLIOGRAPHY, ETC. NOTE
Bibliography, etc Includes bibliographical references.
650 ## - SUBJECT ADDED ENTRY--TOPICAL TERM
Topical term or geographic name as entry element Charter Change (Philippines)
General subdivision Awareness and perception.
650 ## - SUBJECT ADDED ENTRY--TOPICAL TERM
Topical term or geographic name as entry element Political awareness
Geographic subdivision Philippines.
650 ## - SUBJECT ADDED ENTRY--TOPICAL TERM
Topical term or geographic name as entry element Constitutional amendments
Geographic subdivision Philippines
General subdivision Public opinion.
942 ## - ADDED ENTRY ELEMENTS (KOHA)
Source of classification or shelving scheme Library of Congress Classification
Koha item type PASS
Holdings
Withdrawn status Lost status Source of classification or shelving scheme Damaged status Home library Current library Shelving location Date acquired Source of acquisition Total Checkouts Full call number Barcode Date last seen Price effective from Koha item type
    Library of Congress Classification   Luxembourg Library Luxembourg Library Portfolio Assessment of SISC Students Section 11/21/2007 Donation   PHS JK 2493 .C37 2007 P1878 04/08/2014 04/08/2014 PASS

Effects of personal variables on the awareness on charter change /

APA

Caronongan A. I., . (2007). Effects of personal variables on the awareness on charter change. Las Piñas City, Philipines: Southville International School and Colleges.

Chicago

Caronongan Arturo III.P, . 2007. Effects of personal variables on the awareness on charter change. Las Piñas City, Philipines: Southville International School and Colleges.

Harvard

Caronongan A. I., . (2007). Effects of personal variables on the awareness on charter change. Las Piñas City, Philipines: Southville International School and Colleges.

MLA

Caronongan Arturo III.P, . Effects of personal variables on the awareness on charter change. Las Piñas City, Philipines: Southville International School and Colleges. 2007.

  • Print
  • Cite
  • Add to your cart (remove)
  • Save record
    BIBTEX Dublin Core MARCXML MARC (non-Unicode/MARC-8) MARC (Unicode/UTF-8) MARC (Unicode/UTF-8, Standard) MODS (XML) RIS
  • More searches
    Search for this title in:
    Other Libraries (WorldCat) Other Databases (Google Scholar) Online Stores (Bookfinder.com) Open Library (openlibrary.org)

Exporting to Dublin Core...

SOUTHVILLE LIBRARY

Southville International School and Colleges Library

1281 Tropical Ave. Cor. Luxembourg St., BF Homes International, Las Pinas City

Tel. No. 8256374 / 252358 Loc. 117/146

Powered by Koha